| 000 | 00413nam a22001577a 4500 | ||
|---|---|---|---|
| 999 |
_c94 _d94 |
||
| 005 | 20210909160840.0 | ||
| 008 | 160427b xxu||||| |||| 00| 0 eng d | ||
| 020 | _a81-224-1267-X | ||
| 041 | _aeng | ||
| 082 |
_b00283 _a004 |
||
| 100 |
_aRam, B. _9115 |
||
| 245 | _aComputer Fundamentals: Architecture and Organizations | ||
| 260 |
_aNew Delhi _bNew Age Internation (P) Ltd Pub. _c1994 |
||
| 300 | _a470 | ||
| 942 | _cBK | ||